Statistiques concernant Révolution française 3)

Cliquez ici pour prendre le quiz!

Statistiques générales

  • Ce quiz a été pris 44 fois
  • Le résultat moyen est 3 sur 15

Statistiques - réponses

HintRéponse% Correct
exécution du Roi Louis XVI21 janvier 1793
100%
1er jour du nouveau calendrier22 septembre 1792
50%
vote de la peine de mort de Louis XVI16 janvier 1793
31%
assassinat de Marat par C.Corday13 juillet 1793
19%
coup d'état des sans-culottes = chute de la Gironde2 juin 1793
19%
création du Comité de Salut publics6 avril 1793
19%
nouvelle DDHCjuin 1793
19%
découverte de l'armoire de fer au Tuileries20 novembre 1792
13%
levée en masse de 300 000 hommes24 février 1793
13%
la CN décrète la Terreur sous menace des sans-culottes5 septembre 1793
13%
création du tribunal révolutionnaire10 mars 1793
6%
débarquement des troupes royalistes à Toulon2 septembre 1793
6%
arrestation de Marat voté par les Girondins12 avril 1793
0%
la CN ordonne la destruction de la Vendée1 août 1793
0%
création des comités de surveillance par Marat21 mars 1793
0%

Distribution des résultats

Percentile par nombre de réponses

% des personnes avec chaque résultat

Votre développement - résultats

Vous n’avez pas pris ce quiz